header

Music as thought (Record no. 2512)

MARC details
000 -LEADER
fixed length control field 02426nam a22003614a 4500
082 04 - DEWEY DECIMAL CLASSIFICATION NUMBER
Classification number 784.2/18409034
100 1# - MAIN ENTRY--AUTHOR NAME
Personal name Bonds, Mark Evan.
245 10 - TITLE STATEMENT
Title Music as thought
260 ## - PUBLICATION, DISTRIBUTION, ETC. (IMPRINT)
Place of publication Princeton, N.J. :
Name of publisher Princeton University Press,
Year of publication c2006.
300 ## - PHYSICAL DESCRIPTION
Number of Pages xx, 169 p.
505 0# - FORMATTED CONTENTS NOTE
Formatted contents note Prologue. An unlikely genre : the rise of the symphony -- Listening with imagination : the revolution in aesthetics. From Kant to Hoffmann ; Idealism and the changing perception of perception ; Idealism and the new aesthetics of listening -- Listening as thinking : from rhetoric to philosophy. Listening in a rhetorical framework ; Listening in a philosophical framework ; Art as philosophy -- Listening to truth : Beethoven's Fifth Symphony. The infinite sublime ; History as knowing ; The synthesis of conscious and unconscious ; Organic coherence ; Beyond the sublime -- Listening to the aesthetic state : cosmopolitanism. The communal voice of the symphony ; The imperatives of individual and social synthesis ; The state as organism ; Schiller's idea of the aesthetic state ; Goethe's pedagogical province -- Listening to the German State : nationalism. German nationalism ; The symphony as a 'German' genre ; The performance politics of the music festival ; The symphony as democracy -- Epilogue. Listening to form : the refuge of absolute music.
650 #0 - SUBJECT ADDED ENTRY--TOPICAL TERM
Topical Term Symphony
Topical Term Music appreciation.
Topical Term Music
856 40 - ELECTRONIC LOCATION AND ACCESS
Uniform Resource Identifier http://site.ebrary.com/lib/rucke/Doc?id=10284077

No items available.

© 2026 Rongo University
Contact us: librarian | system librarian | Rongo university